| 000 | 00750cam a22002531 4500 | ||
|---|---|---|---|
| 001 | 9830920 | ||
| 003 | LC | ||
| 005 | 20160316144618.0 | ||
| 008 | 750507s1961 maua 000 1 eng | ||
| 010 | _a 60011643 | ||
| 035 | _a(OCoLC)1316379 | ||
| 040 |
_aDLC _cGAT _dOCoLC _dDLC |
||
| 050 | 0 | 0 |
_aPZ 3 _b.M3855 1961 |
| 082 |
_aFic _bM38m 1961 |
||
| 100 | 1 |
_aMason, F. van Wyck _q(Francis van Wyck), _d1901- _920285 |
|
| 245 | 1 | 0 |
_aManila galleon / _cMason, F. van Wyck |
| 250 | _a[1st ed.] | ||
| 260 |
_aBoston : _bLittle, Brown, _cc1961. |
||
| 300 |
_a495 p. : _bill. ; _c18 cm. |
||
| 600 | 1 | 0 |
_aAnson, George Anson, _cBaron, _d1697-1762 _xFiction. _920286 |
| 906 |
_a7 _bcbc _coclcrpl _du _encip _f19 _gy-gencatlg |
||
| 942 |
_2lcc _cBK |
||
| 999 |
_c11450 _d11450 |
||